000 02665nam0a2200397 4500
001 RU\NLR\BIBL_A\022429862
005 20250320105657.0
010 _a978-5-7782-5236-3
_950
021 _aRU
_bКН-П-24-070403
_9КН-П-24-7036
035 _a(NLR Aleph) 022429862
090 _a13343892
_c13343892
100 _a20250117d2024 u y0rusy50 ca
101 0 _arus
102 _aRU
105 _aa j 000yy
181 0 _ai3
_baxxe
182 0 _an
200 1 _aХимия растительного сырья
_eкаталитические методы получения ценных продуктов из полисахаридов
_eучебное пособие
_eпо направлениям подготовки 20.03.01 и 20.04.01 "Техносферная безопасность" и 05.03.06 "Экология и природопользование"
_fН. В. Громов, В. В. Болтенков
_gМинистерство науки и высшего образования Российской Федерации, Новосибирский государственный технический университет, [Факультет летательных аппаратов]
203 _aТекст
_bвизуальный
_cнепосредственный
210 _aНовосибирск
_cИзд-во НГТУ
_d2024
215 _a78, [1] с.
_cил., табл.
_d21
320 _aБиблиогр.: с. 75-79 (45 назв.) и в подстроч. примеч.
606 1 _aРастительное сырье
_jУчебные издания для высших учебных заведений
_xХимия
_92155595
_3RU\NLR\AUTH\661297735
606 1 _aРастительное сырье
_jУчебные издания для высших учебных заведений
_xПереработка
_91124930
_3RU\NLR\AUTH\66126544
606 1 _aЛигноцеллюлоза
_jУчебные издания для высших учебных заведений
_xГидролиз ферментативный
_91532046
_3RU\NLR\AUTH\66968588
606 1 _aБиомасса
_jУчебные издания для высших учебных заведений
_xТермическая переработка
_92553473
_3RU\NLR\AUTH\6601723814
686 1 _aЛ10-332я73-1
686 1 _aЛ80-32я73-1
686 1 _aЛ765.09я73-1
686 1 _aЛ522я73-1
700 1 _aГромов
_bН. В.
_gНиколай Владимирович
701 1 _aБолтенков
_bВ. В.
_gВадим Владимирович
942 _cBOOK
980 _aNB